Prueba de Irán - Estadísticas

Estadísticas generales
  • Esta prueba ha sido intentada 1.010 veces
  • La puntuación promedio es 10 de 20
Estadísticas de respuestas
Pista Respuesta % Correcto
Capital Teherán
97%
Exportación más importante Petróleo
85%
País contra el que Irán libró una terrible guerra entre 1980 y 1988 Irak
83%
Idioma oficial Persa
81%
Mar que limita con Irán al norte Mar Caspio
78%
La rama oficial del Islam Chiita
69%
Título religioso de la respuesta anterior Ayatolá
54%
Los reyes de la antigua Persia llamados "El Grande" Darío
45%
Los reyes de la antigua Persia llamados "El Grande" Ciro
39%
Los reyes de la antigua Persia llamados "El Grande" Jerjes
38%
Líder de la revolución de 1979 Ruhollah Jomeini
38%
Título del gobernante iraní que fue derrocado en 1979 Sah
38%
Estrecho entre el Golfo Pérsico y el Golfo de Omán Estrecho de {Ormuz}
37%
¿Cómo llamó ese líder a los Estados Unidos? El Gran {Satán}
32%
Irán es el único país no africano con una población nativa de este gran gato Guepardo
32%
El profeta también llamado Zaratustra Zoroastro
31%
La mayor parte del Irán se encuentra en esta región {Meseta} Iraní
26%
Moneda de Irán Rial
26%
Deporte nacional Lucha libre
25%
La cordillera que comienza con Z Zagros
20%
No se encontraron pruebas coincidentes
Distribución de puntuación
Porcentaje de gente con cada puntuación
Porcentaje por número respondido
Historial de tus puntuaciones
No has intentado esta prueba.